INTRODUCTION TO PARALLEL COMPUTING A PRA (Record no. 8569)

MARC details
000 -LEADER
fixed length control field 00362nam a2200133Ia 4500
008 - FIXED-LENGTH DATA ELEMENTS--GENERAL INFORMATION
fixed length control field 240624s9999 xx 000 0 und d
041 ## - LANGUAGE CODE
Language code of text/sound track or separate title eng
082 ## - DEWEY DECIMAL CLASSIFICATION NUMBER
Classification number 004.3 PET
100 ## - MAIN ENTRY--PERSONAL NAME
Personal name PETERSEN WESLEY
245 ## - TITLE STATEMENT
Title INTRODUCTION TO PARALLEL COMPUTING A PRA
260 ## - PUBLICATION, DISTRIBUTION, ETC.
Date of publication, distribution, etc. 2004
Place of publication, distribution, etc. Oxford
Name of publisher, distributor, etc. Oxford University press
300 ## - PHYSICAL DESCRIPTION
Extent xvi, , 259 , 22 : p. : cm.
365 ## - TRADE PRICE
Currency code BPS
Price amount 28
Holdings
Withdrawn status Lost status Damaged status Not for loan Home library Current library Shelving location Date acquired Source of acquisition Cost, normal purchase price Total Holds Full call number Barcode Date last seen Copy number Price effective from Koha item type
        IMTN IMTN Rack 1-A 03/26/2008 IBH 41.00 2729 004.3 PET 8569 06/24/2024 79.95 06/24/2024 Books
Designed & Maintained by: LRC IMT Nagpur Contact: lrc@imtnag.ac.in© 2024. All Rights Reserved.